|
|
|
|
| LEADER |
00914nam a2200229 a 4500 |
| 001 |
3879671 |
| 008 |
090615s1988 sz a b i000 0 eng d |
| 010 |
|
|
|a 89172110
|
| 020 |
|
|
|a 9241542373 :
|c 9.00F
|
| 040 |
|
|
|a DLC
|c DLC
|d DLC
|
| 082 |
0 |
0 |
|a 649/.33
|2 20
|
| 245 |
0 |
0 |
|a Weaning from breast milk to family food :
|b a guide for health and community workers.
|
| 260 |
|
|
|a Geneva :
|b World Health Organization ;
|a Albany, NY :
|b WHO Publications Center USA (distributor),
|c 1988.
|
| 300 |
|
|
|a 36 p. :
|b ill. ;
|c 24 cm.
|
| 504 |
|
|
|a Includes bibliographical references.
|
| 541 |
1 |
|
|e 00004302
|
| 650 |
|
0 |
|a Infants
|x Weaning.
|
| 650 |
|
0 |
|a Infants
|x Nutrition.
|
| 710 |
2 |
|
|a World Health Organization.
|
| 852 |
4 |
|
|a Ayesha Abed Library
|j General Shelf.
|
| 999 |
|
|
|c 1632
|d 1632
|
| 952 |
|
|
|0 0
|1 0
|2 ddc
|4 0
|6 649_330000000000000_WEA
|7 0
|9 1497
|a BRACUL
|b BRACUL
|c GEN
|d 2009-06-28
|g 453.00
|l 0
|o 649.33 WEA
|p 3010004302
|r 2009-06-28
|t 1
|w 2009-06-28
|y BK
|